Great geological controversies
Presents a narrative account of five celebrated controversies in geology that embrace the most important ideas in the history of the science
Gardado en:
| Autor Principal: | |
|---|---|
| Formato: | Libro |
| Idioma: | Undetermined |
| Publicado: |
Oxford
Oxford University Press
1983
|
| Những chủ đề: | |
| Các nhãn: |
Engadir etiqueta
Sen Etiquetas, Sexa o primeiro en etiquetar este rexistro!
|
| Thư viện lưu trữ: | Trung tâm Học liệu Trường Đại học Cần Thơ |
|---|
| LEADER | 00697nam a2200217Ia 4500 | ||
|---|---|---|---|
| 001 | CTU_220014 | ||
| 008 | 210402s9999 xx 000 0 und d | ||
| 020 | |c 2 | ||
| 082 | |a 551.09 | ||
| 082 | |b H182 | ||
| 100 | |a Hallam, Anthony | ||
| 245 | 0 | |a Great geological controversies | |
| 245 | 0 | |c Anthony Hallam | |
| 260 | |a Oxford | ||
| 260 | |b Oxford University Press | ||
| 260 | |c 1983 | ||
| 520 | |a Presents a narrative account of five celebrated controversies in geology that embrace the most important ideas in the history of the science | ||
| 650 | |a Geology,Địa lý | ||
| 650 | |x History,Lịch sử | ||
| 904 | |i Nguyên | ||
| 980 | |a Trung tâm Học liệu Trường Đại học Cần Thơ | ||